000 00440nam a2200157Ia 4500
008 220803s9999 xx 000 0 und d
020 _a81-901974-4-4
041 _aeng
082 _a722 CHA
100 _aChainani S
_920140
245 _aHeritage And Environment : An Indian Diary
260 _aNew Delhi
_bUrban Design Research Institute
_c2007
300 _a532p
500 _aArchitecture
650 _aEnvironmental Architecture
_920141
999 _c13581
_d13581